Представление документа в формате MARC21

Поле Инд. ПП Название Значение
Тип записи a
Библиографический уровень m
001 Контрольный номер 60c0b89f07c448979a4b0c705f717e79
005 Дата корректировки 20250327104238.7
020 a ISBN 978-5-534-04193-4
020 a ISBN 978-5-534-04191-0
020 a ISBN 978-5-534-04192-7
080 a Индекс УДК 681.6(075.8)
097 b Оператор *М*
097 b Оператор *Ольга*
100 1_ a Автор Латышенко К.П.
245 00 a Заглавие Технические измерения и приборы
b Продолж. заглавия учебник для вузов
b Продолж. заглавия в составе учебно-методического комплекса
b Продолж. заглавия в 2 т. Том 1. В 2 кн.
n Номер части/ раздела Книга 2
250 a Основные сведения об издании 2-е изд., испр. и доп.
260 00 a Место издания Москва
b Издательство Юрайт
c Дата издания 2022
440 _0 a Серия УМК-У
516 8_ a Прим. о типе комп. файла/ данных Текст : электронный
a Прим. о типе комп. файла/ данных Режим доступа: по подписке
a Прим. о типе комп. файла/ данных Дата обращения: 07.07.2022
520 0_ a Аннотация В первом томе учебника рассматриваются методы измерений и приборы автоматического измерения и контроля таких параметров, как температура, давление, расход вещества, уровень, влажность, плотность и вязкость, изучаются вторичные приборы. На данный момент ряд нормативных данных (ГОСТы), приводимых в учебном издании, устарел. Однако это существенно не влияет на процесс обучения, и произошедшие изменения при необходимости могут быть учтены преподавателями.
535 1_ a Хранилище Образовательная платформа Юрайт
583 a Действие Приписка : УМК
653 0_ a Ключевые слова Технические приборы
653 0_ a Ключевые слова Технические измерения
653 0_ a Ключевые слова Электротехника
653 0_ a Ключевые слова Электроника
653 0_ a Ключевые слова Метрология
653 0_ a Ключевые слова Стандартизация
653 0_ a Ключевые слова Сертификация
655 a Жанр/ форма (устаревшее) У
773 18 w Контрольный № источника 117171
w Контрольный № источника 117728
856 40 u URL https://urait.ru/bcode/491897
901 t Тип документа m
905 a Дата создания записи 09.03.22
c Дата приписки 25.04.23
c Дата приписки 26.08.24
952 a Тип литературы для КСУ ВШ У1
952 e Факультет *ФИТ*
990 00 b Заказано (DOS) 1
g Размещение заказа (DOS) Образовательная платформа Юрайт
990 h N записи в КСУ для Б/У (DOS) 1000/2022